000 00652nam a2200253Ia 4500
003 OSt
005 20220924115054.0
006 a|||||r|||| 00| 0
007 ta
008 220923b |||||||| |||| 00| 0 tam d
020 _c45
024 _a351782
037 _cTextual
040 _aARTS
_cARTS
_btam
041 _2tam
_atam
082 _aP31, 31P12
100 _aMalaiyamaan Au.
_9176633
245 0 _aSevviyal Mozhi-Thamizh
260 _aChennai
_bAnbu Pathippakam India
_c2001
300 _a208p.
_ccm.
650 _aLINGUISTICS
942 _hP31, 31P12
_cTEXL
_2CC
999 _c396615
_d396615